| 000 | 00769nam a2200193 i 4500 | ||
|---|---|---|---|
| 001 | 42939 | ||
| 003 | ES-MaACL | ||
| 005 | 20251015063055.0 | ||
| 007 | t| | ||
| 008 | 030314s1892 sp ||||1| spa d | ||
| 100 | 1 |
_aCellini, Benvenuto, _d1500-1571 _937369 |
|
| 245 | 1 | 0 |
_aVida / _cde Benvenuto Cellini (florentino) ; escrita por el mismo seguida de lágrimas puestas en versos castellanos ; primera versión española directa del toscano ; con prólogo, notas, apéndices y un índice sumarial por Luis Marco [Corera]. |
| 260 |
_aMadrid : _bViuda de Hernando, _c1892. |
||
| 300 |
_a2 v. ; _c18 cm. |
||
| 600 | 1 | 4 |
_aCellini, Benvenuto, _d1500-1571 _937369 |
| 700 | 1 |
_aMarco Corera, Luis. _976477 |
|
| 852 |
_aES-MaACL _jF-13038-39 |
||
| 999 |
_c42939 _d42939 |
||